<?xml version="1.0" encoding="UTF-8"?>
<record
    xmlns:xsi="http://www.w3.org/2001/XMLSchema-instance"
    xsi:schemaLocation="http://www.loc.gov/MARC21/slim http://www.loc.gov/standards/marcxml/schema/MARC21slim.xsd"
    xmlns="http://www.loc.gov/MARC21/slim">

  <leader>00561nam a2200217Ia 4500</leader>
  <controlfield tag="005">20251121201419.0</controlfield>
  <controlfield tag="008">230125s9999    xx            000 0 und d</controlfield>
  <datafield tag="020" ind1=" " ind2=" ">
    <subfield code="a">9780199459742</subfield>
  </datafield>
  <datafield tag="041" ind1=" " ind2=" ">
    <subfield code="a">eng</subfield>
  </datafield>
  <datafield tag="082" ind1=" " ind2=" ">
    <subfield code="a">158.1</subfield>
    <subfield code="b">MIT</subfield>
  </datafield>
  <datafield tag="100" ind1=" " ind2=" ">
    <subfield code="a">Mitra B K</subfield>
    <subfield code="9">215347</subfield>
  </datafield>
  <datafield tag="245" ind1=" " ind2=" ">
    <subfield code="a">Personality Development And Soft Skills.</subfield>
  </datafield>
  <datafield tag="260" ind1=" " ind2=" ">
    <subfield code="c">2017</subfield>
    <subfield code="b">Oxford University Press</subfield>
    <subfield code="a">New Delhi</subfield>
  </datafield>
  <datafield tag="300" ind1=" " ind2=" ">
    <subfield code="a">256p</subfield>
  </datafield>
  <datafield tag="440" ind1=" " ind2=" ">
    <subfield code="v">5</subfield>
  </datafield>
  <datafield tag="500" ind1=" " ind2=" ">
    <subfield code="a">Personality Development</subfield>
  </datafield>
  <datafield tag="650" ind1=" " ind2=" ">
    <subfield code="a">Personality Development</subfield>
    <subfield code="9">213420</subfield>
  </datafield>
  <datafield tag="700" ind1=" " ind2=" ">
    <subfield code="a">Mitra B K</subfield>
    <subfield code="9">215347</subfield>
  </datafield>
  <datafield tag="906" ind1=" " ind2=" ">
    <subfield code="b">29</subfield>
  </datafield>
  <datafield tag="942" ind1=" " ind2=" ">
    <subfield code="c">BK</subfield>
  </datafield>
  <datafield tag="999" ind1=" " ind2=" ">
    <subfield code="c">95590</subfield>
    <subfield code="d">95590</subfield>
  </datafield>
  <datafield tag="952" ind1=" " ind2=" ">
    <subfield code="0">0</subfield>
    <subfield code="1">0</subfield>
    <subfield code="4">0</subfield>
    <subfield code="7">0</subfield>
    <subfield code="a">HIMR</subfield>
    <subfield code="b">HIMR</subfield>
    <subfield code="d">2018-03-22</subfield>
    <subfield code="e">Pritam Book Centre</subfield>
    <subfield code="g">350.00</subfield>
    <subfield code="i">10585</subfield>
    <subfield code="l">0</subfield>
    <subfield code="o">158.1 MIT B17066</subfield>
    <subfield code="p">HIMR-BK-17066</subfield>
    <subfield code="r">2023-01-25 00:00:00</subfield>
    <subfield code="v">321.00</subfield>
    <subfield code="w">2018-03-19</subfield>
    <subfield code="y">BK</subfield>
    <subfield code="z">B17066</subfield>
  </datafield>
  <datafield tag="952" ind1=" " ind2=" ">
    <subfield code="0">0</subfield>
    <subfield code="1">0</subfield>
    <subfield code="4">0</subfield>
    <subfield code="7">0</subfield>
    <subfield code="a">HIMR</subfield>
    <subfield code="b">HIMR</subfield>
    <subfield code="d">2018-03-22</subfield>
    <subfield code="e">Pritam Book Centre</subfield>
    <subfield code="g">350.00</subfield>
    <subfield code="i">10585</subfield>
    <subfield code="l">0</subfield>
    <subfield code="o">158.1 MIT B17067</subfield>
    <subfield code="p">HIMR-BK-17067</subfield>
    <subfield code="r">2023-01-25 00:00:00</subfield>
    <subfield code="v">321.00</subfield>
    <subfield code="w">2018-03-19</subfield>
    <subfield code="y">BK</subfield>
    <subfield code="z">B17067</subfield>
  </datafield>
  <datafield tag="952" ind1=" " ind2=" ">
    <subfield code="0">0</subfield>
    <subfield code="1">0</subfield>
    <subfield code="4">0</subfield>
    <subfield code="7">0</subfield>
    <subfield code="a">HIMR</subfield>
    <subfield code="b">HIMR</subfield>
    <subfield code="d">2018-03-22</subfield>
    <subfield code="e">Pritam Book Centre</subfield>
    <subfield code="g">350.00</subfield>
    <subfield code="i">10585</subfield>
    <subfield code="l">1</subfield>
    <subfield code="o">158.1 MIT B17068</subfield>
    <subfield code="p">HIMR-BK-17068</subfield>
    <subfield code="r">2023-03-27 00:00:00</subfield>
    <subfield code="s">2023-03-14</subfield>
    <subfield code="v">321.00</subfield>
    <subfield code="w">2018-03-19</subfield>
    <subfield code="y">BK</subfield>
    <subfield code="z">B17068</subfield>
  </datafield>
  <datafield tag="952" ind1=" " ind2=" ">
    <subfield code="0">0</subfield>
    <subfield code="1">0</subfield>
    <subfield code="4">0</subfield>
    <subfield code="7">0</subfield>
    <subfield code="a">HIMR</subfield>
    <subfield code="b">HIMR</subfield>
    <subfield code="d">2018-03-22</subfield>
    <subfield code="e">Pritam Book Centre</subfield>
    <subfield code="g">350.00</subfield>
    <subfield code="i">10585</subfield>
    <subfield code="l">0</subfield>
    <subfield code="o">158.1 MIT B17069</subfield>
    <subfield code="p">HIMR-BK-17069</subfield>
    <subfield code="r">2023-01-25 00:00:00</subfield>
    <subfield code="v">321.00</subfield>
    <subfield code="w">2018-03-19</subfield>
    <subfield code="y">BK</subfield>
    <subfield code="z">B17069</subfield>
  </datafield>
  <datafield tag="952" ind1=" " ind2=" ">
    <subfield code="0">0</subfield>
    <subfield code="1">0</subfield>
    <subfield code="4">0</subfield>
    <subfield code="7">0</subfield>
    <subfield code="a">HIMR</subfield>
    <subfield code="b">HIMR</subfield>
    <subfield code="d">2018-03-22</subfield>
    <subfield code="e">Pritam Book Centre</subfield>
    <subfield code="g">350.00</subfield>
    <subfield code="i">10585</subfield>
    <subfield code="l">0</subfield>
    <subfield code="o">158.1 MIT B17070</subfield>
    <subfield code="p">HIMR-BK-17070</subfield>
    <subfield code="r">2023-01-25 00:00:00</subfield>
    <subfield code="v">321.00</subfield>
    <subfield code="w">2018-03-19</subfield>
    <subfield code="y">BK</subfield>
    <subfield code="z">B17070</subfield>
  </datafield>
</record>
